Lanean...
Multiple choice tests in 'O' Level English comprehension
| Egile nagusia: | |
|---|---|
| Formatua: | Printed Book |
| Hizkuntza: | English |
| Argitaratua: |
London :
Pitman ,
c1971 .
|
| LEADER | 00505nam a22001457a 4500 | ||
|---|---|---|---|
| 008 | 170123b xxu||||| |||| 00| 0 eng d | ||
| 020 | |a 027331615x | ||
| 082 | |a 428.2 COW/M | ||
| 100 | |a Cowan, Ian Robert | ||
| 245 | |a Multiple choice tests in 'O' Level English comprehension | ||
| 260 | |a London : |b Pitman , |c c1971 . | ||
| 300 | |a 100p. | ||
| 942 | |c BK | ||
| 999 | |c 195617 |d 195617 | ||
| 952 | |0 0 |1 0 |4 0 |6 428_200000000000000_COW_M |7 0 |9 216153 |a ENG |b ENG |c ST1 |d 2017-01-23 |i 5707 |l 0 |o 428.2 COW/M |p ENG5707 |r 2017-01-23 |w 2017-01-23 |y BK | ||